000 00214nam a2200121Ia 4500
100 _a#N/A
650 _aComputer/ IT
942 _cBK
654 _a300 MB
245 _aDIGIT
260 _b#N/A
546 _aENGLISH
999 _c24087
_d24087